[Event "FIDE World Cup"]
[Site "Tbilisi"]
[Date "2017.09.06"]
[Round "2.1"]
[White "Kramnik, Vladimir"]
[Black "Demchenko, Anton"]
[Result "1-0"]
[WhiteElo "2803"]
[BlackElo "2645"]
[Annotator "Sagar Shah"]
[PlyCount "87"]
[EventDate "2017.09.03"]
[EventType "k.o."]
[EventRounds "7"]
[EventCountry "GEO"]
[SourceTitle "CBM 181"]
[Source "ChessBase"]
[SourceDate "2017.11.10"]
[SourceVersion "1"]
[SourceVersionDate "2017.11.10"]
[SourceQuality "1"]

{This is a typical modern day Kramnik game. Relatively fresh opening position,
new ideas found by the World Champion, incessant pressure thanks to one
powerful move after the other, and finally accurate conversion of the
advantage. His 2645 opponent is completely outplayed.} 1. Nf3 Nf6 2. g3 g6 3.
b3 {The double fianchetto is getting quite mainstream these days with theory
developing around it.} Bg7 4. Bb2 O-O 5. Bg2 d6 (5... d5 {is a completely
different setup, not one that KID players would go for.}) 6. d4 Nbd7 (6... c5 {
might be a much more interesting choice. There are possilibities of ...Qa5+
and in general Black has a fine position here.}) 7. O-O Re8 {Black is not
playing very actively, ...Re8 already doesn't seem so good.} (7... e5 {is
mainly played} 8. dxe5 Ng4 {[%cal Gg4e5] I have never really liked this move
as White gets a small but stable edge by normal means.} (8... Nxe5 9. Nxe5 dxe5
10. Qxd8 Rxd8 11. Bxe5 $14) 9. c4 Ngxe5 10. Nc3 $14 {I feel that such
positions are always slightly better for White and very pleasant to play.}) 8.
a4 $5 {This move came as a surprise to me. I was expecting something like c4.
Kramnik's explanation can be that Black has done nothing in the centre, so
instead of revealing my cards, I would like to take more space on the
queenside with a4-a5 and so on.} Rb8 $6 {[%cal Gh1a8] Black wants to get away
from ideas like a5-a6 and issues on the long diagonal. However, all these
moves ...Re8 and ...Rb8 seem quite artificial.} (8... e5 {would have been a
normal continuation to Black's last move ...Re8.} 9. dxe5 Ng4 10. Qd2 (10. c4 {
Now this move doesn't make much sense as} a5 $1 {cements Black's superiority
on the dark squares.}) (10. a5 $5 Ndxe5 11. Nxe5 Nxe5 12. Ra2 {a4 becomes
useful in a weird way!}) 10... Ngxe5 11. Nc3 $11) 9. c4 e5 10. dxe5 Ng4 (10...
dxe5 $5 {A very interesting idea.} 11. Nxe5 Nc5 $1 {The pawn on b3 is quite
weak.} (11... Ng4 12. Nxd7 Bxb2 13. Ra2 $1 $16 {The rook on b8 is not exactly
very happy at this point.}) 12. Qxd8 Rxd8 13. b4 Na6 14. b5 (14. Bc3 Ng4 15.
Nxg4 Bxg4 16. b5 Bxe2 17. Re1 Nc5 $1 18. Rxe2 $2 Rd1+ 19. Bf1 Bxc3 $19) 14...
Nc5 15. Nf3 Nfe4 16. Bxg7 Kxg7 $44 {I would rate this as very decent
compensation for Black. His knights are perched on great squares staring at
the weaknesses in White's position.}) 11. a5 {Kramnik gains more space on
queenside.} dxe5 12. h3 Nh6 (12... e4 {was interesting but White will gain the
advantage after} 13. Bxg7 exf3 14. exf3 Nxf2 15. Qd4 $1 Nd3 16. Nc3 (16. Bh6
$16) 16... N3c5 17. Bh6 Qf6 18. Qxf6 Nxf6 19. Ra3 $16) 13. e4 {Kramnik sees
that the weakness of the d4-square is not going to be quite relevant here and
goes for e4, limiting the knight on h6.} f6 {[%cal Gh6f7]} 14. b4 Nf8 15. Nc3
Be6 (15... Qxd1 16. Rfxd1 Be6 17. Nd5 Rbc8 (17... c6 18. Nc7 $16) 18. c5 $14)
16. Qe2 {[%cal Gf1d1] When you have more space, in general you should avoid
exchanges! Soon Black is going to struggle to find good squares for his pieces.
} Qc8 17. Kh2 Nf7 18. Rfd1 c6 19. Bc1 $1 {[%cal Gc1e3,Ge3a7] The bishop will
stand well on e3. This is the speciality of these great players: they know
when and where to shift their pieces. The bishop on b2 was not doing much, so
Vlad gets it to e3.} ({If I was White I would have gone for} 19. Rac1 Bh6 20.
Rc2 Rd8 {Black seems to be doing alright here.}) 19... f5 {Understandably
Black tries to create some play on the kingside.} 20. Be3 b6 21. axb6 axb6 22.
Rac1 $1 {[%cal Gc1c8] Once again a little counter-intuitive. The rook was
already on an open file, so why bring it to c1? Well, the reason is that it
defends the knight against threats like ...f4 and also prepares Nd5 which,
surprisingly, is not easy to stop.} Qc7 (22... Qb7 23. b5 $1 {[%csl Gd5]} cxb5
{[%cal Gg2b7]} (23... c5 24. exf5 gxf5 25. Nxe5 $18) 24. exf5 Bxc4 25. Qb2 e4
26. Nd4 $16) 23. Nd5 $1 (23. b5 $5 $14 {was also interesting here.}) 23... cxd5
24. cxd5 Qe7 25. dxe6 Nxe6 {In such positions the margin of error is not very
huge. White has to play accurately, or else Black consolidates. For Kramnik,
these are just the kind of positions he likes.} 26. exf5 $1 {When you have the
bishop pair, you must open the position.} gxf5 27. Qb5 $1 {Kramnik is very
good at such positions. He calculates the tactics accurately and does not let
his initiative go.} f4 (27... e4 28. Nh4 f4 29. Nf5 Qg5 30. gxf4 Nxf4 31. Bxe4
$1 Rxe4 32. Rg1 $18) 28. gxf4 exf4 29. Rd7 {White's play just flows!} Qf6 30.
Bd2 {There are just three pawns on the board and materially White isn't ahead,
but there is just so much pressure. It's just impossible to dispute the
quality of White's pieces.} Rbc8 31. Rxc8 Rxc8 32. Qxb6 {Winning a pawn. Now
this position might seem wild, but if you look carefully, there is absolutely
nothing that Black can do. White's pieces are perfectly posted and the exposed
nature of Black's king gives Kramnik a winning advantage.} Rc2 33. Qb7 Bf8 34.
Qe4 Qg6 35. Qd5 {[%cal Gd5g8]} Qf6 36. h4 $1 {[%cal Gg2h3,Gh3e6] Bringing the
last piece into the game with great effect. The bishop on h3 will break
Black's final resistance.} Bg7 37. Bh3 Nf8 38. Rb7 h6 39. Bg4 {[%cal Gg4h5]}
Rb2 40. Bh5 Ng6 41. Bxg6 Qxg6 42. Rb8+ Bf8 (42... Kh7 43. h5 Qf6 44. Qe4+ Qg6
45. Qxg6#) 43. Ne5 Rxd2 (43... Qg7 44. Nd7 $18) 44. Rxf8+ {Powerful play by
Kramnik. Demchenko was so dazed by this performance that in the next game when
he had the white pieces, he agreed to a draw in just 10 moves and was duly
eliminated from the World Cup 2017.} 1-0

[Event "FIDE World Cup"]
[Site "Tbilisi"]
[Date "2017.09.06"]
[Round "2.1"]
[White "Le, Quang Liem"]
[Black "Vidit, Santosh Gujrathi"]
[Result "0-1"]
[WhiteElo "2739"]
[BlackElo "2702"]
[Annotator "Vidit,S"]
[PlyCount "140"]
[EventDate "2017.09.03"]
[EventType "k.o."]
[EventRounds "7"]
[EventCountry "GEO"]
[SourceTitle "CBM 181"]
[Source "ChessBase"]
[SourceDate "2017.11.10"]
[SourceVersion "1"]
[SourceVersionDate "2017.11.10"]
[SourceQuality "1"]

{The World Cup is a very special tournament. It simply can't be compared to
any other event. The pressure and schedule of such an event are gruelling.
Therefore I was very glad that I had managed to play good chess and advance
until round 3. In round 2 I played against Le Quang Liem who had made an
impressive showing in Saint Louis a couple of days back.} 1. d4 Nf6 2. c4 e6 3.
Nf3 d5 4. Nc3 Bb4 5. cxd5 exd5 6. Bg5 h6 7. Bh4 O-O 8. e3 Bf5 9. Qb3 {My
opponent was blitzing out his moves which alerted me a little. Thankfully my
memory was working fine that day and I managed to recollect my analysis.} Bxc3+
10. Qxc3 Nbd7 11. Be2 (11. Nd2 {this line was more fresh in my mind as I had
seen this game} Rc8 12. Be2 c5 13. O-O Qb6 14. Rfc1 Rfe8 15. Kf1 Ne4 {1/2-1/2 
(40) Karjakin,S (2783)-Harikrishna,P (2755) Shamkir 2017}) 11... c6 12. Nd2 Ne4
{My opponent was taken aback when I played this. Here I probably realised that
he maybe wasn't expecting me to play this.} 13. Bxd8 (13. Nxe4 Qxh4 14. Nd6 {
is another way to play.}) 13... Nxc3 14. bxc3 Rfxd8 {I thought Black is quite
comfortable here. He can play ...c5 and maybe double up on the c-file. Whereas
White's plan isn't that clear.} 15. f3 c5 16. Kf2 Rac8 17. Rhc1 Rc7 18. e4 {
I was very surprised to see this. I was under the impression that White's
centre is more of a burden than a strength.} (18. g4 Bh7 19. h4 {expanding on
the kingside made sense. Although Black is completely fine.} Rdc8 20. Nb3 Kf8
$11) 18... dxe4 19. fxe4 Bg6 20. Bf3 (20. Ke3 Nf6) 20... Ne5 $5 {I played this
after considerable thought. I was confused between various tempting plans.} (
20... Rdc8 {reduces the pressure on the d4-pawn.} 21. Nb3 a5 $5 (21... cxd4 22.
cxd4 $14) 22. a4 $11) 21. Ke3 (21. dxe5 {was maybe a concrete way to solve the
issue.} Rxd2+ 22. Ke3 Rcd7 23. Rd1 R7d3+ 24. Kf4 Rxd1 25. Rxd1 Rxd1 (25... Rxc3
26. Rd8+ Kh7 27. g4 {and White is better due to the bad bishop on g6}) 26. Bxd1
b5 27. h4 Kf8 28. g4 Ke7 29. Bb3 a5) 21... Nc6 22. Nb3 {Somewhere around here
he offered me a draw. With such a comfortable position it would be shameful to
accept it!} (22. d5 Ne5 23. c4 Re7 24. g4 f6 {The knight has a fantastic
blockade and White's position doesn't inspire much.}) 22... cxd4+ 23. cxd4 Re7
{With the threat of ...Bxe4 followed by ...f5.} 24. g4 $6 {I was very
surprised to see this. White should probably already start his play on the
queenside:} (24. e5 {was the only other move I considered} Nb4 (24... f6 25.
Bxc6 bxc6 26. Rxc6 Bf7 27. Rc5 Bd5 {looks nice, but fizzles out} 28. Kf2 fxe5
29. dxe5 Rxe5 30. Rac1 $11) 25. Be4 Bxe4 26. Kxe4 f6 27. Rc4 Nc6 28. Rac1 {
Here ...fxe5/d5 looked scary but Black has the luxury to prepare this capture!}
Ree8 $1 29. g3 fxe5 30. d5 Ne7 $1 $17 {The point!}) (24. Rc5 $1 {I must admit
that I hadn't seen this resource.} f5 25. e5 f4+ 26. Kf2 $1 (26. Kxf4 Nxd4 27.
Nxd4 Rxd4+ 28. Kg3 b6 {looks practically annoying}) 26... Nxd4 27. Rd1 $132)
24... f6 25. Re1 {Again, a very surprising move. It looked a bit slow.} ({
Maybe White has to go for active counterplay:} 25. Rc5 Bf7 26. Rd1 Nb4 27. Rd2
b6 $15 {Black is better but compared to game his pieces are more active.})
25... Bf7 {Most logical, but probably not the best.} (25... Nb4 26. Kd2) (25...
Rde8 26. Nd2 a5 $1 {is the computer's suggestion! Black now threatens to play .
..Rd7 and then kick away the knight on b3. Isn't playing ...a5 after the
knight has been kicked back to d2 a little too counter-intuitive for a mere
human?} 27. Rac1 Rd7) 26. Rad1 Nb4 {I have to act fast!} 27. Rd2 Rc7 28. Kf2 (
28. Rc1 Rxc1 29. Nxc1 Rc8 30. Ne2 Bxa2) 28... Nxa2 {Inaccurate.} (28... Rc2 $1
29. Ree2 Rc3 {is a sophisticated way to keep the domination} 30. Re3 Rxe3 31.
Kxe3 Rc8 32. d5 Rc3+ 33. Ke2 Be8 $1 34. Nd4 Bd7 35. Rb2 a5 {and Black's active
pieces suffocate White.}) 29. d5 (29. Rxa2 Bxb3 30. Ra3 $1 {We both missed
this intermediate move.} (30. Rxa7 Rxd4 31. Rb1 Rd3 $17) 30... Bf7 31. d5 {
Apparently It's not easy for Black to advance his queenside pawns.}) 29... Nc3
{I wanted to get my knight to d6.} (29... Nb4 30. Re3) 30. Nd4 Rc4 (30... b5
31. Rb2 (31. Rc2 $1)) 31. Re3 Be8 $6 (31... a5 {Just advance your passed pawns!
}) 32. Bg2 {I was relieved to see this. While my opponent was thinking, I
realised that I had thrown away my advantage as I didn't see how to react
after the simple breakthrought in the centre.} (32. e5 fxe5 (32... Nxd5 33. Nf5
$1) 33. Rxe5 a5 34. d6 $1 (34. Ne6 Rd6 $15) 34... Bf7 35. Nb5 a4 36. Nxc3 Rxc3
37. Bxb7 $11) 32... Nb5 (32... b5 33. Bf1 Rcc8) (32... Bd7 {was maybe better,
but I wanted to solve the problem of the c3-knight.}) 33. Nxb5 Bxb5 34. Bf1 (
34. Rb2 Rc5 35. h4 {apparently is more resistant! The presence of bishops
creates more problems to realise the extra pawn.}) 34... Rc5 35. Bxb5 Rxb5 $17
{Now Black has a clear advantage. Although White still has counterplay due to
the d-pawn. After a few earlier inaccuracies, I am proud to say that in the
next phase of the game I showed some talent! :)} 36. Rc3 Rd7 37. Ke3 Kf7 38.
Rdc2 (38. h4 a5 39. Rc8) 38... a5 39. Rc7 Ke7 40. Rc8 a4 41. Ra8 Rb4 $1 {
Cutting of the king!} (41... Rb3+ 42. Kd4 Rb4+ (42... a3 {looks tempting but
pawn is way too advanced to defend} 43. Rc3 $1 $11) 43. Rc4 Rxc4+ 44. Kxc4 Rc7+
45. Kb5 Rc2 46. Rxa4 Rxh2 47. Kb6 $11) 42. Kd3 (42. Rcc8 {visually looked
scary but I correctly understood that I can safely take my king to the
queenside.} Kd6 $1 43. Re8 Kc5 $1 44. h4 g5 45. h5 Rb3+ $19) 42... Rd8 $1 {
The move I am most proud of in the game! I found this simply because I
couldn't find another way to keep the pressure!} (42... Kd6 43. Rc4 $1 (43. Re8
Re7 44. Rd8+ Ke5 45. d6 Rd4+ $17) 43... Rxc4 44. Kxc4 Rc7+ 45. Kd4 b5 46. Ra6+
Kd7 47. Ra5 {and my pawns are a little stuck.}) 43. Ra7 (43. Rc7+ Kd6 44. Rxb7
Rxa8 45. Rxb4 {with a classic rook behind the pawn scenario} a3) 43... Kd6 44.
Rc4 Rxc4 (44... Rb3+ 45. Kd4 a3 46. h4 (46. Rc3 Rxc3 47. Kxc3 Ke5) 46... h5)
45. Kxc4 Ke5 $1 {Another very strong move! It was important to understand that
Black has to give away the material rather than to hang onto it.} (45... Rc8+
46. Kd4 b5 47. Ra6+ Kd7 48. Ra5 Rc4+ 49. Kd3 Rc5 50. Kd4 {Black has practical
problems!}) 46. Rxb7 (46. Kd3 b5 {is similiar to above line but here Black is
so much more active.} 47. Rxg7 b4) 46... Ra8 $1 47. Rb2 a3 48. Ra2 Kxe4 49. d6
Ke5 $1 (49... Rd8 50. Kc5 {would be anti climactic!}) 50. Kc5 Rc8+ $1 51. Kb4
Kxd6 52. Rxa3 Rc7 53. Re3 (53. Ra5 Rc2 54. h3 Rh2 $19) 53... Kd5 54. h3 g6 $1
$19 {Black just prepares a passed pawn as White's king is safely cut off. My
good friend Erwin l'Ami who is a master of such rook endgames congratulated me
and told that he found this endgame 'sweet'! What better compliment can I ask
for?} 55. Re8 f5 56. Rg8 Rc6 57. Kb5 Rf6 58. gxf5 gxf5 59. Rd8+ Ke4 60. Re8+
Kf3 61. Kc4 Rd6 62. Kc5 Rd1 63. Rh8 f4 64. Rxh6 Kg3 65. Rg6+ Kxh3 66. Rf6 Kg3
67. Rg6+ Kf2 68. Kc4 f3 69. Kc3 Kf1 70. Kc2 Rd5 0-1

[Event "FIDE World Cup"]
[Site "Tbilisi"]
[Date "2017.09.06"]
[Round "2.1"]
[White "Navara, David"]
[Black "Cheparinov, Ivan"]
[Result "1-0"]
[WhiteElo "2737"]
[BlackElo "2696"]
[Annotator "Mekhitarian,K"]
[PlyCount "63"]
[EventDate "2017.09.03"]
[EventType "k.o."]
[EventRounds "7"]
[EventCountry "GEO"]
[SourceTitle "CBM 181"]
[Source "ChessBase"]
[SourceDate "2017.11.10"]
[SourceVersion "1"]
[SourceVersionDate "2017.11.10"]
[SourceQuality "1"]

1. c4 e6 2. Nc3 Nf6 3. e4 {The Flohr-Mikenas system, first played in 1903 and
repeatedly used by the great Aron Nimzowitsch. It is a good weapon against
opponents who are used to playing ...Nf6 followed by ...e6, since it differs
completely from standard Nimzo-Indian, Queen's Indian, etc. positions.} d5 4.
e5 {The most common reply.} (4. cxd5 $5 {has become fashionable lately as well,
and was recently seen in the World Cup finals} exd5 5. e5 Ne4 6. Nf3 (6. Nxe4
$2 {taking the pawn is a bad idea} dxe4 7. Qa4+ Nc6 8. Qxe4 Be6 $1 {with a big
advantage for Black, since White has many weaknesses on the d-file, worse
development and a weak e5-pawn:} 9. Bc4 Bxc4 10. Qxc4 Qg5 11. Qe4 Qxe5 12.
Qxe5+ Nxe5 $17 {0-1 (49) Csonka,B (2263)-Getz,N (2276) Budapest 2010}) 6... Bf5
7. Be2 d4 $5 8. Nxe4 Bxe4 9. Bc4 Bd5 10. Qb3 Bxc4 11. Qxc4 Nc6 12. O-O Qd7 13.
d3 Qe6 14. Qxe6+ fxe6 $11 {½-½ (35) Aronian,L (2799)-Ding,L (2777) Tbilisi
2017, with a balanced endgame.}) 4... d4 5. exf6 dxc3 6. bxc3 Qxf6 7. Nf3 e5 {
The most principled move, but Black has many different ideas. For example:} (
7... b6 $5 8. d4 Bb7 9. Bd3 {threatening the famous Bg5 move trapping the
queen, that works even when Black has ...Bxf3 at his disposal:} h6 (9... Nd7 $2
10. Bg5 $1 Bxf3 11. Qd2 $1 {there is a similar trick in the French Defence.
Here Black survives because the h1-rook is also hanging:} Bxg2 12. Bxf6 Bxh1
13. Bh4 $16) 10. O-O Bd6 (10... Bxf3 $5 11. Qxf3 Qxf3 12. gxf3 Nd7 {with an
unbalanced endgame, both sides having chances} 13. Be4 Rb8 14. a4 $36 {1/2-1/2
(41) Grandelius,N (2649)-Oparin,G (2575) Gjakova 2016}) 11. Nd2 $5 Qh4 12. g3
Qe7 13. a4 $6 (13. c5 $1 bxc5 14. Rb1 Bc6 15. Nc4 $16 {with a very strong
initiative}) 13... Nd7 14. a5 $36 {1/2-1/2 (45) Iotov,V (2518)-Leitao,R (2616)
Baku 2016}) (7... Nc6 8. d4 e5 {transposes to the game.}) 8. d4 Nc6 9. Bg5 (9.
Be2 $5) 9... Qg6 10. d5 Nb8 11. h4 h6 (11... Nd7 12. Bd3 e4 $6 13. h5 Qf5 $2
14. Rh4 $3 {Black is suddenly lost:} exd3 (14... Nc5 {wouldn't help} 15. Bxe4
Nxe4 16. Qe2 $18) 15. Rf4 {and the queen is lost} Nc5 16. Rxf5 Bxf5 17. Nd4 $18
{1-0 (40) Grischuk,A (2792)-Aronian,L (2815) Stavanger 2014}) 12. h5 Qd6 13.
Be3 {Now c4-c5 is a real threat.} Nd7 14. Qa4 (14. c5 $5 {Nepo plays it anyway!
} Nxc5 15. Bb5+ Nd7 16. c4 Qf6 17. Qa4 Kd8 18. Bxd7 $5 (18. O-O $5 $44) 18...
Bxd7 19. Qb3 b6 20. Nd2 $44 {1-0 (41) Nepomniachtchi,I (2732)-Aleksandrov,A 
(2565) Khanty-Mansiysk 2017}) 14... Qa3 15. Qb3 a5 (15... Qxb3 $2 16. axb3 $16
{gives White a healthy endgame.}) 16. Qc2 Qd6 17. Bd3 Be7 18. Rd1 a4 $6 {
I think this is unnecessary.} (18... O-O {Cheparinov probably didn't want to
castle before White does the same, since now a pawn avalanche is possible 
(that happened in the game anyway!)} 19. Bh7+ Kh8 20. Bf5 b6 21. g4 Nc5 {
with counterplay in the centre, moves like ...e4 may happen, White will need
to castle soon.}) (18... b6 {why not this useful move, if Black didn't want to
castle early? I don't see the point in ...a4.}) 19. O-O O-O 20. Rfe1 b6 21.
Bh7+ Kh8 22. Bf5 Qf6 23. g4 $1 Qd6 24. Bc1 a3 25. Bxd7 (25. Qe2 $1 {keeping
the pressure was very strong, now Black doesn't have ...Ba4 as in the game if
White decides to take on d7 and e5:} Re8 26. Nxe5 Nxe5 27. Bxc8 Rexc8 28. Qxe5
Qxe5 29. Rxe5 Bf6 30. Re4 Bxc3 31. Kf1 $16 {and many endgames are preferable
for White, because of the better structure on both flanks.}) 25... Bxd7 26.
Nxe5 Ba4 27. Qf5 Bxd1 (27... Qf6 $1 {forcing an endgame would have been an
interesting decision} 28. Qxf6 (28. Rd4 Qxf5 29. gxf5 Bc5 30. Rd2 Rfe8 $44 {
with good compensation - Black has the bishop pair, and White has so many pawn
weaknesses}) 28... gxf6 29. Ng6+ fxg6 30. Rxe7 Bxd1 31. hxg6 Rfe8 32. Rh7+ Kg8
33. Bxh6 $11 {with a perpetual.}) 28. Nxf7+ Rxf7 29. Qxf7 Bh4 $1 30. g5 $1 (30.
Rxd1 $4 Rf8 $1 $19 {forcing White's resignation.}) 30... Ba4 $4 {Losing on the
spot.} (30... Bxg5 $1 {was good enough} 31. Bxg5 hxg5 {with a roughly equal
position:} 32. Rxd1 Rf8 33. Qe6 $13) 31. Re7 Bxf2+ (31... Rg8 32. Bf4 $1 $18 {
followed by Be5.}) 32. Kh1 {...and Black resigned in view of Bf4 after ...Rg8.}
1-0